000 00211 a2200097 4500
001 2015
100 _aGibson, A H
245 _aHydraulics and its applications.
260 _a
_bConotakle
_c
090 _c1490
_d1490
942 _aNUST-CAE
_cM
_c5447
999 _c237088
_d237088